中国GDP最高的50个县级市 - Statistics

General Stats
  • This quiz has been taken 307 times
  • The average score is 29 of 50
Answer Stats
排名 所属行政区 县级市 % Correct
1 苏州 昆山市
96%
3 苏州 张家港市
90%
9 金华 义乌市
89%
2 无锡 江阴市
85%
5 苏州 常熟市
85%
13 苏州 太仓市
82%
4 泉州 晋江市
81%
6 宁波 慈溪市
81%
40 湖北省直辖 仙桃市
79%
7 无锡 宜兴市
76%
50 湖北省直辖 潜江市
75%
23 南通 启东市
71%
8 榆林 神木市
69%
10 长沙 浏阳市
67%
17 宁波 余姚市
67%
12 绍兴 诸暨市
66%
29 嘉兴 海宁市
63%
20 南通 如皋市
62%
16 青岛 胶州市
60%
19 郑州 新郑市
60%
26 泰州 泰兴市
59%
21 常州 溧阳市
58%
34 泉州 石狮市
58%
15 福州 福清市
57%
22 镇江 丹阳市
57%
27 台州 温岭市
56%
39 扬州 高邮市
56%
35 徐州 邳州市
55%
11 遵义 仁怀市
54%
18 温州 乐清市
54%
32 嘉兴 桐乡市
53%
31 泰州 靖江市
52%
38 威海 荣成市
52%
33 温州 瑞安市
51%
25 南通 海安市
50%
37 盐城 东台市
50%
48 枣庄 滕州市
50%
24 烟台 龙口市
48%
42 扬州 仪征市
48%
46 嘉兴 平湖市
47%
36 泰州 兴化市
46%
43 潍坊 寿光市
44%
30 长沙 宁乡市
43%
44 巴音郭楞 库尔勒市
43%
14 泉州 南安市
41%
28 唐山 迁安市
39%
41 济宁 邹城市
34%
45 郑州 巩义市
34%
49 宜昌 宜都市
32%
47 许昌 禹州市
22%
No matching quizzes found
Score Distribution
Percent of People with Each Score
Percentile by Number Answered
Your Score History
You have not taken this quiz